| Tag |
First Indicator |
Second Indicator |
Subfields |
| LEADER |
00000cam a22000004a 4500 |
| 001 |
in00002249213 |
| 005 |
20151105060443.0 |
| 008 |
060823s2007 mau b 001 0 eng |
| 010 |
|
|
|a 2006025799
|
| 020 |
|
|
|a 140511200X (hardcover : alk. paper)
|
| 020 |
|
|
|a 9781405112000 (hardcover : alk. paper)
|
| 020 |
|
|
|a 1405112018 (pbk. : alk. paper)
|
| 020 |
|
|
|a 9781405112017 (pbk. : alk. paper)
|
| 029 |
1 |
|
|a YDXCP
|b 100422654
|
| 029 |
1 |
|
|a YDXCP
|b 2438851
|
| 035 |
|
|
|a (OCoLC)ocm71173671
|
| 035 |
|
|
|a (OCoLC)71173671
|
| 040 |
|
|
|a DLC
|c DLC
|d BAKER
|d BTCTA
|d BWKUK
|d YDXCP
|d UtOrBLW
|
| 043 |
|
|
|a f------
|
| 049 |
|
|
|a TXAM
|
| 050 |
0 |
0 |
|a PL8010
|b .A353 2007
|
| 082 |
0 |
0 |
|a 809/.896
|2 22
|
| 245 |
0 |
0 |
|a African literature :
|b an anthology of criticism and theory /
|c edited by Tejumola Olaniyan and Ato Quayson.
|
| 264 |
|
1 |
|a Malden, MA ;
|a Oxford :
|b Blackwell Pub.,
|c [2007]
|
| 264 |
|
4 |
|c ©2007
|
| 300 |
|
|
|a xix, 774 pages ;
|c 26 cm.
|
| 336 |
|
|
|a text
|b txt
|2 rdacontent
|
| 337 |
|
|
|a unmediated
|b n
|2 rdamedia
|
| 338 |
|
|
|a volume
|b nc
|2 rdacarrier
|
| 504 |
|
|
|a Includes bibliographical references and index.
|
| 650 |
|
0 |
|a African literature
|x History and criticism.
|
| 700 |
1 |
|
|a Olaniyan, Tejumola.
|
| 700 |
1 |
|
|a Quayson, Ato.
|
| 856 |
4 |
1 |
|3 Table of contents only
|u http://www.loc.gov/catdir/toc/ecip0619/2006025799.html
|t 0
|
| 938 |
|
|
|a Baker & Taylor
|b BKTY
|c 49.95
|d 49.95
|i 1405112018
|n 0006690950
|s active
|
| 938 |
|
|
|a Baker and Taylor
|b BTCP
|n 2006025799
|
| 938 |
|
|
|a Baker & Taylor
|b BKTY
|c 65.00
|d 65.00
|i 140511200X
|n 0006833792
|s active
|
| 938 |
|
|
|a YBP Library Services
|b YANK
|n 2438851
|
| 945 |
|
|
|a PromptCat
|b 174774
|
| 946 |
|
|
|a stk
|
| 947 |
|
|
|a A14836166598
|
| 948 |
|
|
|a cataloged
|b h
|c 2007/7/11
|d c
|e dmartine
|f 7:28:40 pm
|
| 994 |
|
|
|a 92
|b TXA
|
| 999 |
|
|
|a MARS
|
| 999 |
f |
f |
|s cef17a5f-e8ed-37f4-b687-1b1b2b27e321
|i 2aa0a1da-5ec1-3e4a-9f4b-c8d0585b75da
|t 0
|
| 952 |
f |
f |
|p normal
|a Texas A&M University
|b College Station
|c Sterling C. Evans Library
|d Evans: Library Stacks
|t 0
|e PL8010 .A353 2007
|h Library of Congress classification
|i unmediated -- volume
|m A14836166598
|
| 952 |
f |
f |
|p noncirc
|a Texas A&M University
|b College Station
|c Cushing Memorial Library & Archives
|d Cushing: Area Studies/Africana (Does not check out)
|t 0
|e PL8010 .A353 2007
|h Library of Congress classification
|i unmediated -- volume
|
| 998 |
f |
f |
|a PL8010 .A353 2007
|t 0
|l Cushing: Area Studies/Africana (Does not check out)
|
| 998 |
f |
f |
|a PL8010 .A353 2007
|t 0
|l Evans: Library Stacks
|